000 00595cam a22002052 4500
001 0000019605
005 20151217152158.0
008 110112s xx 000 0 eng d
020 _a1842055364 :
040 _aKABU
_cKABU
245 1 0 _aFamily medical companion.
250 _a1st ed.
260 _aNew Lanark, Scotland :
_bGeddes & Grosset,
_c2005.
300 _a477 p.
650 0 _aMedicine, Popular.
_@0000161129
852 1 _9p1250 KES
852 1 _9p1250 KES
908 _a110112
950 _@1
999 _c9011
_d9011